| 000 | 01736nam a22002777a 4500 | ||
|---|---|---|---|
| 005 | 20170215112438.0 | ||
| 008 | 130419s1607||||it |||fr|||||001|0|lat|d | ||
| 040 |
_aCo-BoUCM _bspa _cSandra Yazo (modificó) _dSandra Yazo (modificó) |
||
| 041 | 0 | _alat | |
| 082 | 0 | 4 |
_a340.56 _220 |
| 092 | _aE06N004 | ||
| 100 | 1 |
_aOndedei, Giovanni Vincenzo _d-1603 _939554 |
|
| 242 | 0 | 0 |
_aTomo segundo de los Dictámenes o Respuestas… _cde Juan Vicente Ondedei _yspa |
| 245 | 1 | 0 |
_aConsiliorum sive responsorum ... Volumen secundum _cIo. Vincentii Hondedei |
| 260 |
_aVenetiis [Venecia] (Italia) _bApud Haeredem Hieronymi Scoti [En los talleres del Heredero de Jerónimo Scott] _c1607 |
||
| 300 |
_a[8], 584, [80] páginas _c35 x 23 cm. |
||
| 500 | _aDetalles físicos: Encuadernación flexible en pergamino. Tapa delantera con una rotura en la esquina superior. Guardas rotas y desprendidas. Portada impresa en una sola tinta con un grabado (representa las tres gracias en un óvalo, con el lema: “la virtud predomina sobre todas las cosas”). Resumen. Texto en dos columnas con varios tipos y tamaños de letra. Sumarios al inicio de cada concepto y párrafos numerados. Signaturas y reclamos. Papel con oxidación de tintas. En portada con anotación y sellos de tinta. Colección incompleta | ||
| 506 | _aConsulta en sala | ||
| 520 | _aV.2: Cien conceptos jurídicos sobre diversos temas de derecho civil y eclesiástico | ||
| 546 | _aTexto en latín | ||
| 650 | 7 |
_aDerecho civil _xObras anteriores a 1800 _929560 |
|
| 650 | 7 |
_aDerecho eclesiástico _xObras anteriores a 1800 _929561 |
|
| 650 | 7 |
_aConceptos _xDerecho _xObras anteriores a 1800 _929739 |
|
| 690 |
_aDerecho civil _912711 |
||
| 942 |
_cLIBRO _e1 _a8 _2LOCAL _hE06N004 |
||
| 999 |
_c70319 _d70319 |
||